000 00223nam a2200097Ia 4500
008 190216s9999||||xx |||||||||||||| ||und||
100 _aShankara Menon K P
245 0 _aAikya Rashtra Sangadana
260 _bNull
942 _cBK
999 _c34748
_d34748